| 000 | 00743nam a2200193 i 4500 | ||
|---|---|---|---|
| 001 | 75401 | ||
| 003 | ES-MaACL | ||
| 005 | 20251005063054.0 | ||
| 007 | t| | ||
| 008 | 040924s1932 sp ||||1| spa d | ||
| 100 | 1 |
_aGoyanes Capdevila, José, _dd1876-1964 _959401 |
|
| 245 | 1 | 0 |
_aTipología de El Quijote _b: ensayo sobre la estructura psicosomática de los personajes de la novela / _cJosé Goyanes Capdevila ; prólogo de G. Marañón. |
| 260 |
_aMadrid : _b[s.n.], _c1932 ( _fS. Aguirre) |
||
| 300 |
_aXVI, 208 p. ; _c22 cm. |
||
| 600 | 1 | 4 |
_aCervantes Saavedra, Miguel de, _d1547-1616. _tDon Quijote de la Mancha _937612 |
| 700 | 1 |
_aMarañón, Gregorio, _d1887-1960 _976311 |
|
| 852 |
_aES-MaACL _jA-1103 |
||
| 999 |
_c75401 _d75401 |
||